000 00290nam a22001337a 4500
008 181218b xxu||||| |||| 00| 0 eng d
020 _a9780764144677
041 _aeng
080 _a540
100 _a12
101 _aKIM
245 _aOrganic Chemistry
_cHathaway,B.A
942 _2udc
_cBK
999 _c53360
_d53360